| 000 | 00573 a2200169 4500 | ||
|---|---|---|---|
| 999 |
_c6226 _d6226 |
||
| 020 | _a9788188237500 | ||
| 050 | _aTP248 PLA 2006 | ||
| 100 |
_aKumar, Ashwani _eeditor |
||
| 245 |
_aPlant biotechnology & its application in tissue culture: _cAshwani Kumar, Shikha Roy & Sudhir K. Sopory |
||
| 264 |
_aNew Delhi : _bI. K. International, _c2006. |
||
| 300 |
_a307p. : _bill. |
||
| 500 | _aIncludes bibliographical references and index | ||
| 650 | _aPlant biotechnology | ||
| 700 |
_aRoy, Shikha _eeditor |
||
| 700 |
_aSopory, Sudhir K. _eeditor |
||
| 942 |
_2lcc _cBK _h248 _iPLA _kTP |
||